El árbol del conocimiento: las bases biológicas del entendimiento humano
Guardat en:
| Autor principal: | |
|---|---|
| Altres autors: | |
| Format: | Llibre |
| Idioma: | espanyol |
| Publicat: |
Buenos Aires
Lumen
2003
|
| Edició: | 1a. ed |
| Matèries: | |
| Etiquetes: |
Afegir etiqueta
Sense etiquetes, Sigues el primer a etiquetar aquest registre!
|
MARC
| LEADER | 00000nam a2200000 a 4500 | ||
|---|---|---|---|
| 001 | UCL8151 | ||
| 003 | CL-VaPUC | ||
| 008 | 040611e20030000AG |||||||||||||||||spa|d | ||
| 020 | |a 9870003583 | ||
| 082 | 0 | 4 | |a 302.3 |b MAT |2 21 |
| 100 | |a Maturana Romesín, Humberto |e autor |9 448877 | ||
| 700 | |a Varela García, Francisco Javier |e autor |9 563379 | ||
| 245 | 1 | 3 | |a El árbol del conocimiento: las bases biológicas del entendimiento humano |
| 250 | |a 1a. ed | ||
| 300 | |a 172 p | ||
| 942 | |c BK | ||
| 945 | |d 20040611 00:00:00 |a cmena | ||
| 260 | |a Buenos Aires |b Lumen |c 2003 | ||
| 650 | 0 | |a Teoría del conocimiento |9 255038 | |
| 650 | 0 | |a Antropología filosófica |9 265842 | |
| 650 | 0 | |a Conducta humana |9 269906 | |
| 650 | 0 | |a Filosofía de las ciencias |9 256466 | |
| 583 | |a last modification |c 20160307 12:59:57 |k Rodrigo Vera | ||
| 999 | |c 309600 |d 309598 | ||
| 952 | |0 0 |1 0 |4 0 |6 302_300000000000000_MAT_2003 |7 0 |8 R |9 377142 |a BIBEDU |b BIBEDU |c MCIRC |d 2019-11-21 |i 406562K |o 302.3 MAT 2003 |p 406562K |r 2023-01-13 |w 2019-11-21 |y BK_R |k PAR | ||